000 00370nam a2200157Ia 4500
003 OSt
005 20230526141304.0
008 211028s2017 xx 000 0 und d
040 _cAIMIT LIBRARY
041 _aeng
100 _aNeha; Vanitha, T.
_98724
_e151928
110 _aVanitha T
_98725
245 _aBake house.
260 _aMangalore
_c2017
942 _2ddc
_cPRO
999 _c220031
_d220031